000 01735cam a2200361 i 4500
001 67077
003 ARRUPE
005 20150113124218.0
008 781001s1972 pau b 001 0 eng
010 _a 79158189
035 _a(OCoLC)309667
035 _a(OCoLC)ocm00309667
035 _a(CStRLIN)NYCG8199590-B
035 _a(NNC)67077
040 _cdfd
050 0 _aQC174.1
_b.C57
082 _a530/.12
090 _bQC174.1.C57
100 1 _aColodny, Robert Garland,
_ecompiler.
_911493
245 1 0 _aParadigms & paradoxes;
_bthe philosophical challenges of the quantum domain
_c[by] Arthur Fine [and others] Editor: Robert G. Colodny.
260 _a[Pittsburgh]
_bUniversity of Pittsburgh Press
_c[1972]
300 _axix, 446 p.
_c24 cm.
490 1 _aUniversity of Pittsburgh series in the philosophy of science ;
_vv. 5
500 _a"Based on public lectures given in a series which the Center for Philosophy of Science has sponsored annually at the University of Pittsburgh since 1960."
504 _aIncludes bibliographical references.
505 0 _aSome conceptual problems of quantum theory, by A. Fine.--Philosophical implications of contemporary particle physics, by G. Feinberg.--The physics of logic, by D. Finkelstein.--The nature of quantum mechanical reality: Einstein versus Bohr, by C. A. Hooker.--A formal approach to the philosophy of science, by B. C. Van Fraassen.--On the conceptual structure of quantum mechanics, by H. Stein.
650 0 _aQuantum theory.
_913782
650 0 _aPhysics
_xPhilosophy.
_913783
700 1 _aFine, Arthur.
_913784
830 0 _aUniversity of Pittsburgh series in the philosophy of science ;
_vv. 5.
_913785
942 _2lcc
_cMONOGRAPH
999 _c121609
_d121609